01003nam a2200277 i 450000100060000000300090000600500170001500700030003200800410003502000180007608000350009408000210012910000460015024500870019626000380028330000410032149000190036250000120038150400330039360000470042665100530047383000270052685200330055399900170058695201220060315044ES-MaACL20250919135029.0t|991202s1999 sp ||||1| spa d a84-239-9743-X a929 Macanaz, Melchor Rafael de a946.0"1700/1746"1 aMartín Gaite, Carmen,d1925-200097749613aEl proceso de Macanaz b: historia de un empapelamiento / cCarmen Martín Gaite. aMadrid : bEspasa-Calpe, c[1999] a456 p., [32] h. de lám. ; c23 cm.1 aEspasa fórum aIndice. aBibliografía : p. 445-448.17aMacanaz, Melchor de, d1670-176029129279 4aEspaña-xHistoria-y1700-1746, Felipe V.982370 aEspasa fórum9179708 aES-MaACLjL-22161 bR.127498 c15044d15044 00104070aATENEOMbATENEOMcDEPO2d2008-01-17eSCl0oL-22161p1015299r2023-02-23 00:00:00w2023-02-23yMONOGRAFIA